An Introduction to java programming and object oriented application development (Record no. 479)

MARC details
000 -LEADER
fixed length control field 00545 a2200169 4500
001 - CONTROL NUMBER
control field 066423
003 - CONTROL NUMBER IDENTIFIER
control field OSt
005 - DATE AND TIME OF LATEST TRANSACTION
control field 20210928120057.0
008 - FIXED-LENGTH DATA ELEMENTS--GENERAL INFORMATION
fixed length control field
082 ## - DEWEY DECIMAL CLASSIFICATION NUMBER
Classification number 005.13
Item number J63I
100 1# - MAIN ENTRY--PERSONAL NAME
Personal name Johnson, Richard A.
245 1# - TITLE STATEMENT
Title An Introduction to java programming and object oriented application development
Statement of responsibility, etc by Richard A. Johnson
260 ## - PUBLICATION, DISTRIBUTION, ETC. (IMPRINT)
Place of publication, distribution, etc New Delhi
Name of publisher, distributor, etc Cengage Learning
Date of publication, distribution, etc 2009
300 ## - PHYSICAL DESCRIPTION
Extent 760p.
690 ## - LOCAL SUBJECT ADDED ENTRY--TOPICAL TERM (OCLC, RLIN)
Topical term or geographic name as entry element Object-oriented programming (Computer science); Java (Computer program language)
942 ## - ADDED ENTRY ELEMENTS (KOHA)
Source of classification or shelving scheme Dewey Decimal Classification
Koha item type Books
Holdings
Withdrawn status Lost status Source of classification or shelving scheme Damaged status Not for loan Collection code Home library Current library Date acquired Source of acquisition Cost, normal purchase price Total Checkouts Full call number Barcode Date last seen Date checked out Price effective from Koha item type
    Dewey Decimal Classification     General Text Book Central University Of Rajasthan Central University Of Rajasthan 07/03/2012 CSC 433.00 3 005.13 J63I 709 27/02/2025 13/02/2025 02/09/2020 Books